[Event "COL-ch U26"]
[Site "Medellin"]
[Date "2018.10.19"]
[Round "3"]
[White "Hernandez Banquett, Bryan Steven"]
[Black "Jimenez, Luis Felipe"]
[Result "1-0"]
[WhiteElo "1600"]
[BlackElo "1964"]
[PlyCount "39"]
[EventDate "2018.10.18"]
[EventType "swiss"]
[EventRounds "6"]
[EventCountry "COL"]
[SourceTitle "CBM 187 Extra"]
[Source "ChessBase"]
[SourceDate "2018.11.04"]
[SourceVersion "1"]
[SourceVersionDate "2018.11.04"]
[SourceQuality "1"]

1. e4 e5 2. Nc3 Nf6 3. g3 c6 4. d4 d6 5. dxe5 dxe5 6. Qxd8+ Kxd8 7. Bg5 h6 8. Bxf6+ gxf6 9. 0-0-0+ Kc7 10. Bc4 Be6 11. Bxe6 fxe6 12. Nh3 Nd7 13. f4 Bc5 14. Kb1 Rhf8 15. f5 Rae8 16. Rhf1 b5 17. fxe6 Rxe6 18. Nf2 b4 19. Na4 a5 20. Rxd7+ 1-0

[Event "COL-ch U26"]
[Site "Medellin"]
[Date "2018.10.19"]
[Round "4"]
[White "Jimenez, Luis Felipe"]
[Black "Calderon, Juan David"]
[Result "1-0"]
[WhiteElo "1964"]
[BlackElo "1432"]
[PlyCount "71"]
[EventDate "2018.10.18"]
[EventType "swiss"]
[EventRounds "6"]
[EventCountry "COL"]
[SourceTitle "CBM 187 Extra"]
[Source "ChessBase"]
[SourceDate "2018.11.04"]
[SourceVersion "1"]
[SourceVersionDate "2018.11.04"]
[SourceQuality "1"]

1. d4 Nf6 2. c4 d6 3. Nc3 Nbd7 4. e4 g6 5. f3 Bg7 6. Be3 0-0 7. Nge2 e5 8. d5 Ne8 9. Qd2 Nc5 10. g4 a5 11. h4 f5 12. Bg5 Nf6 13. gxf5 gxf5 14. Rg1 Kh8 15. Ng3 Qe8 16. Nb5 Rf7 17. exf5 e4 18. 0-0-0 exf3 19. Bh6 Nfe4 20. Nxe4 Nxe4 21. Bxg7+ Rxg7 22. Qd4 Qe5 23. Rxg7 Kxg7 24. Nxc7 Rb8 25. Ne6+ Bxe6 26. dxe6 Kf6 27. Qe3 Qxf5 28. Bd3 d5 29. cxd5 Rc8+ 30. Kb1 Rc4 31. Qh6+ Ke7 32. d6+ Kd8 33. Qf8+ Qxf8 34. e7+ Qxe7 35. dxe7+ Kxe7 36. Bxc4 1-0

[Event "Bogota McGregor op 2nd"]
[Site "Bogota"]
[Date "2011.12.11"]
[Round "9"]
[White "Franco, William"]
[Black "Jimenez, Luis Felipe"]
[Result "1-0"]
[WhiteElo "2089"]
[BlackElo "1958"]
[PlyCount "71"]
[EventDate "2011.12.06"]
[EventType "swiss"]
[EventRounds "10"]
[EventCountry "COL"]
[SourceTitle "CBM 145 Extra"]
[Source "ChessBase"]
[SourceDate "2012.01.03"]
[SourceVersion "1"]
[SourceVersionDate "2012.01.03"]
[SourceQuality "1"]

1. e4 e5 2. Nf3 Nf6 3. Nxe5 d6 4. Nf3 Nxe4 5. d4 d5 6. Bd3 Bg4 7. h3 Bh5 8. Qe2 f5 9. g4 Bg6 10. Ne5 Be7 11. Bxe4 fxe4 12. Qb5+ Nd7 13. Qxd5 Nxe5 14. Qxe5 0-0 15. Be3 Bf6 16. Qb5 Rf7 17. c3 c6 18. Qe2 Bh4 19. Nd2 b5 20. a4 Qd5 21. axb5 Bxf2+ 22. Bxf2 e3 23. 0-0 Rxf2 24. Rxf2 exf2+ 25. Qxf2 Qxb5 26. Nf3 Rf8 27. Re1 Qd3 28. Re3 Qb1+ 29. Kg2 Be4 30. Qe2 Bc2 31. Re8 Bg6 32. Re7 Bd3 33. Qe6+ Kh8 34. Rf7 Qxb2+ 35. Kg1 Qc1+ 36. Ne1 1-0

[Event "Bogota Univ Central op-A 5th"]
[Site "Bogota"]
[Date "2011.10.17"]
[Round "9.1"]
[White "Jimenez, Luis Felipe"]
[Black "Caceres Quintero, Gerson Mauricio"]
[Result "0-1"]
[WhiteElo "1970"]
[BlackElo "1722"]
[PlyCount "35"]
[EventDate "2011.10.13"]
[EventType "swiss"]
[EventRounds "9"]
[EventCountry "COL"]
[SourceTitle "EXT 2024"]
[Source "ChessBase"]
[SourceDate "2023.10.10"]
[SourceVersion "1"]
[SourceVersionDate "2023.10.10"]
[SourceQuality "1"]

1. d4 d5 2. c4 c6 3. Bf4 Nf6 4. c5 e6 5. Nc3 Be7 6. e3 Nbd7 7. Nf3 0-0 8. h3 Re8 9. Be2 Nf8 10. Ne5 N6d7 11. 0-0 Nxe5 12. Bxe5 Ng6 13. Bh2 Bf8 14. f4 f5 15. Bh5 b6 16. b4 Ba6 17. Rf3 Qf6 18. Rc1 0-1

[Event "Bogota McGregor op 1st"]
[Site "Bogota"]
[Date "2010.12.04"]
[Round "3"]
[White "Cruz Sanabria, Linci Yobani"]
[Black "Jimenez, Luis Felipe"]
[Result "0-1"]
[WhiteElo "1600"]
[BlackElo "1984"]
[PlyCount "48"]
[EventDate "2010.12.03"]
[EventType "swiss"]
[EventRounds "10"]
[EventCountry "COL"]
[SourceTitle "CBM 139 Extra"]
[Source "ChessBase"]
[SourceDate "2011.01.05"]
[SourceVersion "1"]
[SourceVersionDate "2011.01.05"]
[SourceQuality "1"]

1. Nf3 Nf6 2. c4 d6 3. g3 e5 4. d3 g6 5. Bg2 Bg7 6. 0-0 0-0 7. Nc3 Nc6 8. Bg5 h6 9. Bd2 Be6 10. Qb3 Qd7 11. Nd5 Kh7 12. Bc3 Rab8 13. Nd2 Nd4 14. Qd1 Nxd5 15. cxd5 Bg4 16. Bxd4 exd4 17. Nb3 Rbe8 18. Re1 f5 19. Qd2 f4 20. gxf4 Bh3 21. Bf3 g5 22. Kh1 Rxf4 23. Be4+ Rexe4 24. dxe4 Rxf2 0-1

[Event "Bogota McGregor op 1st"]
[Site "Bogota"]
[Date "2010.12.04"]
[Round "2"]
[White "Jimenez, Luis Felipe"]
[Black "Valderrama Espinosa, Gilberto"]
[Result "0-1"]
[WhiteElo "1984"]
[BlackElo "2252"]
[PlyCount "70"]
[EventDate "2010.12.03"]
[EventType "swiss"]
[EventRounds "10"]
[EventCountry "COL"]
[SourceTitle "CBM 139 Extra"]
[Source "ChessBase"]
[SourceDate "2011.01.05"]
[SourceVersion "1"]
[SourceVersionDate "2011.01.05"]
[SourceQuality "1"]

1. d4 Nf6 2. c4 e5 3. dxe5 Ne4 4. Nf3 Nc6 5. Bf4 Bc5 6. e3 Bb4+ 7. Nbd2 g5 8. Bg3 h5 9. h3 Nxg3 10. fxg3 Qe7 11. a3 Bc5 12. Ne4 Nxe5 13. Nxc5 Qxc5 14. Qd4 Nxf3+ 15. gxf3 Qxd4 16. exd4 d6 17. Bd3 Bd7 18. Kf2 0-0-0 19. Rae1 Rde8 20. Rxe8+ Rxe8 21. Re1 Rxe1 22. Kxe1 Bxh3 23. g4 hxg4 24. Bf5+ Kd8 25. fxg4 Bg2 26. d5 Ke7 27. Kf2 Bh1 28. Ke3 a5 29. b4 axb4 30. axb4 b5 31. Kd4 bxc4 32. Kxc4 Bf3 33. Kd4 Kf6 34. Bd7 Be2 35. Ke3 Bd1 0-1

[Event "Medellin IRT op 17th"]
[Site "Medellin"]
[Date "2010.08.04"]
[Round "1"]
[White "Jimenez, Luis Felipe"]
[Black "Franco Valencia, Angela Maria"]
[Result "0-1"]
[WhiteElo "1999"]
[BlackElo "2146"]
[PlyCount "86"]
[EventDate "2010.08.04"]
[EventType "swiss"]
[EventRounds "9"]
[EventCountry "COL"]
[SourceTitle "EXT 2012"]
[Source "ChessBase"]
[SourceDate "2011.11.24"]
[SourceVersion "1"]
[SourceVersionDate "2011.11.24"]
[SourceQuality "1"]

1. e4 c5 2. Nc3 Nc6 3. f4 g6 4. Nf3 Bg7 5. Bc4 e6 6. f5 gxf5 7. d3 Nge7 8. 0-0 d5 9. exd5 exd5 10. Bb3 0-0 11. Qe1 Nd4 12. Nxd4 Bxd4+ 13. Kh1 Be6 14. Bh6 Bg7 15. Bxg7 Kxg7 16. Qe5+ Kg8 17. Rf3 Ng6 18. Rg3 c4 19. dxc4 dxc4 20. Ba4 Qh4 21. Nd5 Bxd5 22. Qxd5 Qe4 23. Qxe4 fxe4 24. Re1 f5 25. Bb5 Rac8 26. Bd7 Rc5 27. Be6+ Kg7 28. b3 cxb3 29. Bxb3 f4 30. Rh3 Rd8 31. Kg1 Re5 32. Rc3 Rd7 33. Rc4 e3 34. Kf1 Rh5 35. h3 Rg5 36. Re4 Rd2 37. Re2 Rd1+ 38. Re1 Rxe1+ 39. Kxe1 Rxg2 40. Re8 Rh2 41. Bd5 Rxc2 42. Ra8 Ne5 43. Rxa7 Nd3+ 0-1

[Event "COL-ch School U17"]
[Site "Yumbo"]
[Date "2010.04.29"]
[Round "5.1"]
[White "Lopez R, Juan David"]
[Black "Jimenez, Luis Felipe"]
[Result "0-1"]
[WhiteElo "1965"]
[BlackElo "2047"]
[PlyCount "81"]
[EventDate "2010.04.27"]
[EventType "swiss"]
[EventRounds "7"]
[EventCountry "COL"]
[SourceTitle "EXT 2024"]
[Source "ChessBase"]
[SourceDate "2023.10.10"]
[SourceVersion "1"]
[SourceVersionDate "2023.10.10"]
[SourceQuality "1"]

1. e4 e5 2. Nf3 Nf6 3. Nxe5 d6 4. Nf3 Nxe4 5. d4 d5 6. Bd3 Bg4 7. 0-0 Be7 8. Bf4 Nd7 9. Nbd2 f5 10. h3 Bh5 11. c4 c6 12. Qc2 0-0 13. Ne5 Nxe5 14. Bxe5 Bg5 15. Nb3 Bh4 16. g3 Be7 17. Rac1 Bg5 18. Rcd1 Bxd1 19. Qxd1 f4 20. Qg4 fxg3 21. fxg3 Be3+ 22. Kg2 Qg5 23. Qe6+ Kh8 24. cxd5 Rxf1 25. Bxf1 Rf8 26. Bc4 cxd5 27. Qxd5 Qf5 28. Bf4 Qg6 29. Qe6 Qxe6 30. Bxe6 Bxf4 31. gxf4 Rxf4 32. Bd5 b6 33. a4 Rf2+ 34. Kg1 Rxb2 35. a5 Nc3 36. Bc4 b5 37. Be6 Ne2+ 38. Kf1 Nf4 39. Bf7 Nxh3 40. Nc5 Rf2+ 41. Ke1 0-1

[Event "COL-ch School U17"]
[Site "Yumbo"]
[Date "2010.04.28"]
[Round "4.1"]
[White "Jimenez, Luis Felipe"]
[Black "Lopez R, Juan David"]
[Result "0-1"]
[WhiteElo "2047"]
[BlackElo "1965"]
[PlyCount "98"]
[EventDate "2010.04.27"]
[EventType "swiss"]
[EventRounds "7"]
[EventCountry "COL"]
[SourceTitle "EXT 2024"]
[Source "ChessBase"]
[SourceDate "2023.10.10"]
[SourceVersion "1"]
[SourceVersionDate "2023.10.10"]
[SourceQuality "1"]

1. d4 Nf6 2. c4 e6 3. Nc3 d5 4. Nf3 Nbd7 5. Bf4 c6 6. h3 a6 7. c5 b6 8. b4 a5 9. a3 Be7 10. e3 Ne4 11. Nxe4 dxe4 12. Nd2 Nf6 13. Be2 0-0 14. Nc4 Nd5 15. 0-0 Ba6 16. Rc1 axb4 17. axb4 bxc5 18. bxc5 Nxf4 19. exf4 Bf6 20. Nd6 Bxe2 21. Qxe2 Bxd4 22. Rfd1 e5 23. Qxe4 Qh4 24. g3 Qxg3+ 25. Qg2 Bxf2+ 26. Kf1 Qxg2+ 27. Kxg2 Be3 28. Rc2 Bxf4 29. Nf5 Ra7 30. Rd6 g6 31. Nh4 Rc8 32. Kf2 Ra3 33. Nf3 Rc7 34. Re2 Rc3 35. Nxe5 Rxc5 36. Rd8+ Kg7 37. Nf3 Rc3 38. Rd4 Bc1 39. Kg3 f5 40. Kg2 f4 41. Ra2 Be3 42. Re4 c5 43. Kh2 Rc1 44. Ng5 Kf6 45. Nf3 Rc6 46. h4 h6 47. Re2 Re6 48. Ra4 c4 49. Ne1 Bg1+ 0-1

[Event "COL-ch School U17"]
[Site "Yumbo"]
[Date "2010.04.27"]
[Round "2.1"]
[White "Jimenez, Luis Felipe"]
[Black "Valencia, Adrian David"]
[Result "0-1"]
[WhiteElo "2047"]
[BlackElo "1909"]
[PlyCount "60"]
[EventDate "2010.04.27"]
[EventType "swiss"]
[EventRounds "7"]
[EventCountry "COL"]
[SourceTitle "EXT 2024"]
[Source "ChessBase"]
[SourceDate "2023.10.10"]
[SourceVersion "1"]
[SourceVersionDate "2023.10.10"]
[SourceQuality "1"]

1. d4 Nf6 2. c4 g6 3. Nc3 Bg7 4. e4 d6 5. f3 0-0 6. Be3 e5 7. d5 Bd7 8. Qd2 a6 9. g4 Qe8 10. a4 Qe7 11. Nge2 Ne8 12. h4 f5 13. Bg5 Qf7 14. Bg2 fxg4 15. 0-0 gxf3 16. Rxf3 Nf6 17. Raf1 Qe7 18. Ng3 Bg4 19. R3f2 Nbd7 20. Nd1 Bxd1 21. Qxd1 h6 22. Be3 Kh7 23. Bh3 Ng8 24. h5 Qh4 25. hxg6+ Kh8 26. Kg2 Ndf6 27. Bf5 Ne7 28. Rh1 Nxf5 29. Rxh4 Nxe3+ 30. Kg1 Nxd1 0-1

[Event "COL-ch U20"]
[Site "Bogota"]
[Date "2010.04.15"]
[Round "2"]
[White "Dominguez, Oscar Alberto"]
[Black "Jimenez, Luis Felipe"]
[Result "1-0"]
[WhiteElo "1892"]
[BlackElo "2047"]
[PlyCount "39"]
[EventDate "2010.04.15"]
[EventType "swiss"]
[EventRounds "7"]
[EventCountry "COL"]
[SourceTitle "CBM 135 Extra"]
[Source "ChessBase"]
[SourceDate "2010.05.04"]
[SourceVersion "1"]
[SourceVersionDate "2010.05.04"]
[SourceQuality "1"]

1. e4 e5 2. Nf3 Nf6 3. Nxe5 d6 4. Nf3 Nxe4 5. Nc3 Nxc3 6. dxc3 Be6 7. Bf4 Nd7 8. Qd2 Nb6 9. 0-0-0 Qd7 10. Kb1 0-0-0 11. Ng5 Bc4 12. Bxc4 Nxc4 13. Qd5 Nb6 14. Qxf7 Be7 15. Rhe1 Rde8 16. Qxg7 Rhg8 17. Qh6 Nc4 18. b3 Na3+ 19. Kb2 Nxc2 20. Re5 1-0